Plasma astrophysics and cosmology (Record no. 12872)
[ view plain ]
| 000 -LEADER | |
|---|---|
| fixed length control field | 00846nam a2200217Ia 4500 |
| 003 - CONTROL NUMBER IDENTIFIER | |
| control field | IN-BaIIA |
| 008 - FIXED-LENGTH DATA ELEMENTS--GENERAL INFORMATION | |
| fixed length control field | 211028s9999 xx 000 0 eng d |
| 020 ## - INTERNATIONAL STANDARD BOOK NUMBER | |
| International Standard Book Number | 0-7923-3784-0 |
| 040 ## - CATALOGING SOURCE | |
| Transcribing agency | IIA Library |
| 080 ## - UNIVERSAL DECIMAL CLASSIFICATION NUMBER | |
| Universal Decimal Classification number | 533:524(082.1) |
| Item number | PLA |
| 111 ## - MAIN ENTRY--MEETING NAME | |
| Meeting name or jurisdiction name as entry element | Institute of Electrical and Electronics Engineers International Workshop |
| Location of meeting | US |
| Date of meeting or treaty signing | 1993 May 10-12 |
| 9 (RLIN) | 22575 |
| 245 #0 - TITLE STATEMENT | |
| Title | Plasma astrophysics and cosmology |
| Remainder of title | second IEEE international workshop held in Princeton, New Jersey, US, 10-12 May 1993 |
| Statement of responsibility, etc. | edited by A. L. Peratt |
| 260 ## - PUBLICATION, DISTRIBUTION, ETC. | |
| Place of publication, distribution, etc. | Dordrecht |
| Name of publisher, distributor, etc. | Kluwer Academic |
| Date of publication, distribution, etc. | 1995 |
| 300 ## - PHYSICAL DESCRIPTION | |
| Extent | 297p. |
| 650 ## - SUBJECT ADDED ENTRY--TOPICAL TERM | |
| Topical term or geographic name entry element | Cosmology |
| 650 ## - SUBJECT ADDED ENTRY--TOPICAL TERM | |
| Topical term or geographic name entry element | Plasma astrophysics |
| 9 (RLIN) | 3786 |
| 650 ## - SUBJECT ADDED ENTRY--TOPICAL TERM | |
| Topical term or geographic name entry element | Redshifts |
| 9 (RLIN) | 22576 |
| 700 ## - ADDED ENTRY--PERSONAL NAME | |
| Personal name | Peratt, A. L., ed. |
| 9 (RLIN) | 22577 |
| 710 ## - ADDED ENTRY--CORPORATE NAME | |
| Corporate name or jurisdiction name as entry element | Institute of Electrical and Electronics Engineers |
| 9 (RLIN) | 22578 |
| 942 ## - ADDED ENTRY ELEMENTS (KOHA) | |
| Koha item type | Books |
| Withdrawn status | Lost status | Damaged status | Not for loan | Home library | Current library | Shelving location | Date acquired | Source of acquisition | Cost, normal purchase price | Total Checkouts | Full call number | Barcode | Date last seen | Cost, replacement price | Price effective from | Koha item type | Purchase Price |
|---|---|---|---|---|---|---|---|---|---|---|---|---|---|---|---|---|---|
| IIA Library-Bangalore | IIA Library-Bangalore | General Stacks | 04/02/1999 | ALL | 8751.60 | 533:524(082.1)/ PLA | 13789 | 05/11/2021 | 8751.60 | 04/02/1999 | Books | Rs. 8751.60 |